000 00346 a2200145 4500
003 Nust
005 20170207154200.0
040 _cNust
082 _a004.65
245 _aData communications, networks and systems
_ceditor Thomas C. Bartee
260 _aNew Delhi
_bBPB
_c1995
300 _a359 P.
650 _aData communications
651 _aNetworks
942 _2ddc
_cBK
999 _c194682
_d194682